000 00451nam a2200181Ia 4500
003 GCL
008 140319s9999 xx 000 0 eng d
040 _aGCL /
_cGCL
082 0 4 _a741.6
_bK A
100 1 _aKERY, PATRICIA FRANTZ
245 1 0 _aART DECO GRAPHICS /
_cKERY, PATRICIA FRANTZ
260 _a[S.N] :
_bTHAMES AND HUDSON ،
_c1986
300 _a320 P
650 0 4 _aDESIGN
650 0 4 _aDECORATION
650 0 4 _aGRAPHIC
942 _2ddc
_cBK
999 _c20899
_d20899